<?xml version="1.0" encoding="UTF-8"?>
<record
    xmlns:xsi="http://www.w3.org/2001/XMLSchema-instance"
    xsi:schemaLocation="http://www.loc.gov/MARC21/slim http://www.loc.gov/standards/marcxml/schema/MARC21slim.xsd"
    xmlns="http://www.loc.gov/MARC21/slim">

  <leader>00810nam a2200205 a 4500</leader>
  <controlfield tag="001">BRCA_614</controlfield>
  <controlfield tag="005">20190320203102.0</controlfield>
  <controlfield tag="008">000929s2000    mx-a---##c---#000-0#spa-d</controlfield>
  <datafield tag="020" ind1=" " ind2=" ">
    <subfield code="a">9685011125</subfield>
  </datafield>
  <datafield tag="040" ind1=" " ind2=" ">
    <subfield code="a">HUH</subfield>
    <subfield code="c">HUH</subfield>
    <subfield code="d">XRG</subfield>
  </datafield>
  <datafield tag="050" ind1=" " ind2="4">
    <subfield code="a">ND255</subfield>
    <subfield code="b">.A78 2000</subfield>
  </datafield>
  <datafield tag="245" ind1="1" ind2="0">
    <subfield code="a">Arte moderno de M&#xE9;xico</subfield>
    <subfield code="b">1900-1950</subfield>
    <subfield code="c">Luis-Mart&#xED;n Lozano ; colaboraciones de Laura Gonz&#xE1;lez Matute ... [et al.].</subfield>
  </datafield>
  <datafield tag="260" ind1=" " ind2=" ">
    <subfield code="a">M&#xE9;xico</subfield>
    <subfield code="b">Antiguo Colegio de San Ildefonso</subfield>
    <subfield code="c">2000</subfield>
  </datafield>
  <datafield tag="300" ind1=" " ind2=" ">
    <subfield code="a">307 p.</subfield>
    <subfield code="b">il. a color</subfield>
    <subfield code="c">30 cm.</subfield>
  </datafield>
  <datafield tag="500" ind1=" " ind2=" ">
    <subfield code="a">Cat&#xE1;logo de la exposici&#xF3;n realizada en el Antiguo Colegio de San Ildefonso (Ciudad de M&#xE9;xico), julio-octubre, 2000</subfield>
  </datafield>
  <datafield tag="650" ind1="1" ind2="4">
    <subfield code="a">Pintura moderna</subfield>
    <subfield code="v">Exposiciones</subfield>
    <subfield code="y">Siglo XX</subfield>
    <subfield code="z">M&#xE9;xico</subfield>
    <subfield code="9">2098</subfield>
  </datafield>
  <datafield tag="700" ind1="1" ind2=" ">
    <subfield code="a">Lozano, Luis-Mart&#xED;n</subfield>
    <subfield code="9">2099</subfield>
  </datafield>
  <datafield tag="710" ind1="2" ind2=" ">
    <subfield code="a">Gonz&#xE1;lez Matute, Laura ...[et al.]</subfield>
    <subfield code="9">2100</subfield>
  </datafield>
  <datafield tag="942" ind1=" " ind2=" ">
    <subfield code="2">lcc</subfield>
    <subfield code="c">B</subfield>
  </datafield>
  <datafield tag="999" ind1=" " ind2=" ">
    <subfield code="c">540</subfield>
    <subfield code="d">540</subfield>
  </datafield>
  <datafield tag="952" ind1=" " ind2=" ">
    <subfield code="0">0</subfield>
    <subfield code="1">0</subfield>
    <subfield code="4">0</subfield>
    <subfield code="7">0</subfield>
    <subfield code="a">BRCA</subfield>
    <subfield code="b">BRCA</subfield>
    <subfield code="d">2008-06-25</subfield>
    <subfield code="l">0</subfield>
    <subfield code="o">ND255 .A78 2000</subfield>
    <subfield code="p">00943</subfield>
    <subfield code="r">2019-03-22 00:00:00</subfield>
    <subfield code="w">2019-03-22</subfield>
    <subfield code="y">B</subfield>
  </datafield>
</record>
